000 00351nam a2200133Ia 4500
005 20260328104340.0
008 260328s9999||||xx |||||||||||||| ||und||
100 _aSantamaría, Angela
245 0 _aGermán Téllez :
_b Ver a traves del tiempo /
_cAngela Santamaría
260 _bInterfaz
300 _a215 p.
650 _aARQUITECTOS
942 _cBK
999 _c12074
_d12074